De tribord a bâbord / (Record no. 1771)
[ view plain ]
| 000 -CABECERA | |
|---|---|
| campo de control de longitud fija | 00704cam a2200205 a 4500 |
| 001 - NÚMERO DE CONTROL | |
| campo de control | 000001899 |
| 005 - FECHA Y HORA DE LA ÚLTIMA TRANSACCIÓN | |
| campo de control | 20200929145741.0 |
| 008 - DATOS DE LONGITUD FIJA--INFORMACIÓN GENERAL | |
| campo de control de longitud fija | 751001s1975 quc b 000 0afre |
| 020 ## - NÚMERO INTERNACIONAL ESTÁNDAR DEL LIBRO | |
| Número Internacional Estándar del Libro | 0885320344 |
| 040 ## - FUENTE DE LA CATALOGACIÓN | |
| Centro catalogador/agencia de origen | DO-SdBNP |
| Lengua de catalogación | spa |
| Centro/agencia transcriptor | BNPHU |
| 100 1# - ENTRADA PRINCIPAL--NOMBRE DE PERSONA | |
| Nombre de persona | Saint-Maurice, Faucher de, |
| Fechas asociadas al nombre | 1844-1897. |
| 9 (RLIN) | 6192 |
| 245 13 - MENCIÓN DE TÍTULO | |
| Título | De tribord a bâbord / |
| Mención de responsabilidad, etc. | presentación, Jacques Ferron ; notas, Ghislaine Beaulieu. |
| 260 ## - PUBLICACIÓN, DISTRIBUCIÓN, ETC. | |
| Lugar de publicación, distribución, etc. | Montreal : |
| Nombre del editor, distribuidor, etc. | L'Aurore, |
| Fecha de publicación, distribución, etc. | 1975. |
| 300 ## - DESCRIPCIÓN FÍSICA | |
| Extensión | viii, 282 p. ; |
| Dimensiones | 23 cm. |
| 440 #0 - MENCIÓN DE SERIE/PUNTO DE ACCESO ADICIONAL--TÍTULO | |
| Título | Le Goglu |
| 9 (RLIN) | 6193 |
| 504 ## - NOTA DE BIBLIOGRAFÍA, ETC. | |
| Nota de bibliografía, etc. | Bibliografía: p. [271]-276. |
| 651 #0 - PUNTO DE ACCESO ADICIONAL DE MATERIA--NOMBRE GEOGRÁFICO | |
| Nombre geográfico | Incluye Notas Al Pie De Las Páginas |
| Subdivisión general | Description And Travel. |
| 9 (RLIN) | 6194 |
| 700 1# - PUNTO DE ACCESO ADICIONAL--NOMBRE DE PERSONA | |
| Nombre de persona | Ferron, Jacques |
| 9 (RLIN) | 6195 |
| 700 1# - PUNTO DE ACCESO ADICIONAL--NOMBRE DE PERSONA | |
| Nombre de persona | Beaulie, Ghislaine |
| 9 (RLIN) | 6196 |
| Estado de retiro | Estado de pérdida | Restricciones de uso | No para préstamo | Código de colección | Localización permanente | Ubicación/localización actual | Ubicación en estantería | Fecha de adquisición | Número de inventario | Total de préstamos | Signatura topográfica completa | Código de barras | Fecha visto por última vez | Precio válido a partir de | Tipo de ítem Koha |
|---|---|---|---|---|---|---|---|---|---|---|---|---|---|---|---|
| Préstamo interno | Monografías: Libros y Folletos | General | General | En catalogación | 06.02.2012 | LF1 | 1899-20 | 25.06.2020 | 25.06.2020 | Préstamo interno |
